Prof. G Ram Reddy Library

Are we thinking straight? (Record no. 99475)

MARC details
000 -LEADER
fixed length control field 00652nam a2200205Ia 4500
003 - CONTROL NUMBER IDENTIFIER
control field LDD
008 - FIXED-LENGTH DATA ELEMENTS--GENERAL INFORMATION
fixed length control field 181029s9999 xx 000 0 und d
020 ## - INTERNATIONAL STANDARD BOOK NUMBER
International Standard Book Number 9780415977012
Terms of availability P 85.00
040 ## - CATALOGING SOURCE
Transcribing agency LDD
100 ## - MAIN ENTRY--PERSONAL NAME
Personal name Cortese, Daniel K.
245 #0 - TITLE STATEMENT
Title Are we thinking straight?
Remainder of title the politics of straigtness in a lesbian and gay soci
Statement of responsibility, etc. Daniel K. Cortese
260 ## - PUBLICATION, DISTRIBUTION, ETC.
Place of publication, distribution, etc. New York
Name of publisher, distributor, etc. Routledge
Date of publication, distribution, etc. 2006
300 ## - PHYSICAL DESCRIPTION
Extent xiv, 213p.
365 ## - TRADE PRICE
Price amount P 85.00
440 ## - SERIES STATEMENT/ADDED ENTRY--TITLE
Title New approachs in sociology /edited by Nancy A. Naples
901 ## - LOCAL DATA ELEMENT A, LDA (RLIN)
a 7965
b 14-11-2011
902 ## - LOCAL DATA ELEMENT B, LDB (RLIN)
a IN22270
b 22-11-2011
c F
d SB
e 31
903 ## - LOCAL DATA ELEMENT C, LDC (RLIN)
a Discount-15
b Reqst by : G. Pradhan
942 ## - ADDED ENTRY ELEMENTS (KOHA)
Source of classification or shelving scheme Dewey Decimal Classification
Koha item type Books
Holdings
Withdrawn status Lost status Source of classification or shelving scheme Damaged status Not for loan Home library Current library Total Checkouts Full call number Barcode Date last seen Cost, replacement price Price effective from Koha item type
No   Dewey Decimal Classification     Library and Documentation Division Library and Documentation Division   306.7660973 C818A 082809 11/01/2018 7007.40 11/01/2018 Books

© Prof. G Ram Reddy Centre Library, Indira Gandhi National Open University, Maidan Garhi, New Delhi, 110068
+91-011-29532797 | FAX+91-011-29533393 |